000 00712nam a2200193 i 4500
001 182828
003 ES-MaACL
005 20230906221725.0
008 131108s2013 sp |||| | spa d
020 _a978-84-8931-827-4
245 0 3 _aEl hecho religioso en la sociedad vasca actual
_b: actas, Santa María del Paular, 11 junio de 2011.
260 _aMadrid :
_bReal Sociedad Bascongada de los Amigos del País, Delegación en Corte,
_c2013.
300 _a121 p. ;
_c21 cm.
490 1 _aColección nuevos extractos ;
_v2
650 4 _aAntropología cultural y social-
_zPaís Vasco.
_99885
830 0 _aColección nuevos extractos ;
_v2
_9224902
852 _aES-MaACL
_j1509-F-7
999 _c182828
_d182828